01397cam a2200337 a 450000100090000000300090000900500170001800800410003502000150007602000180009104000380010908200230014710000470017024501090021726400430032630000520036933600260042133700280044733800270047550400410050250501370054365000480068065000460072865000390077465100100081365300230082365500240084694200120087099900170088295201600089913194403EG-ScBUE20220208122226.0030512s2003 nyuab f b 000 0deng d a1400040760 a9781400040766 aDLCbengerdacDLCdDLCdEG-ScBUE04a828.91203222bWAU1 aWaugh, Evelyn,d1903-1966,eauthor.93050210aWaugh abroad :bcollected travel writing /cEvelyn Waugh ; with an introduction by Nicholas Shakespeare. 1aNew York :bEveryman's Library,c2003. axli, 1064 pages :billustrations, maps ;c21 cm 2rdacontentatextbtxt 2rdamediaaunmediatedbn 2rdacarrieravolumebnc aIncludes bibliographical references.0 aLabels -- Remote people -- Ninety-two days -- Waugh in Abyssinia -- Robbery under the law -- The holy places -- A tourist in Africa. 7aTravelers' writings, English.9305032BUEsh 7aBritishzForeign countries.9305042BUEsh 7aVoyages and travels.9305052BUEsh 2BUEsh cJuly2012bHHUUEENN vReading book934232 2ddccBB c16848d16848 00102ddc40708BaccahaMAINbMAINc2NDd2012-07-10epurchaseg156.00h15359l1o828.91203 WAUp000026950r2025-07-15 00:00:00s2012-11-05w2012-07-10yBB